[Event "City of Adelaide"]
[Site "Adelaide"]
[Date "2003.07.22"]
[Round "1.1"]
[White "Zaric, Srboljub"]
[Black "Utturkar, Ashwin"]
[Result "1-0"]
[WhiteElo "2169"]
[BlackElo "1458"]
[PlyCount "57"]
[EventDate "2003.07.22"]
[EventType "swiss"]
[EventRounds "7"]
[EventCountry "AUS"]

1. e4 c5 2. Nf3 e6 3. d4 cxd4 4. Nxd4 Nc6 5. Nc3 a6 6. Be2 d6 7. O-O Nf6 8. Be3
Be7 9. a4 Qc7 10. f4 b6 11. Nxc6 Qxc6 12. e5 Ne4 13. Nxe4 Qxe4 14. Bxb6 d5 15.
Bd4 Bd7 16. c3 Qg6 17. Be3 f5 18. Bh5 Qxh5 19. Qxh5+ g6 20. Qe2 h5 21. b4 h4
22. b5 a5 23. g4 Rc8 24. Bd4 Kf7 25. gxf5 exf5 26. e6+ Bxe6 27. Rfe1 Rhe8 28.
Qxe6+ Kf8 29. Qxg6 1-0

[Event "City of Adelaide"]
[Site "Adelaide"]
[Date "2003.07.22"]
[Round "1.2"]
[White "Haydn, Gavin"]
[Black "Cowley, Robert G"]
[Result "0-1"]
[WhiteElo "1441"]
[BlackElo "2076"]
[PlyCount "101"]
[EventDate "2003.07.22"]
[EventType "swiss"]
[EventRounds "7"]
[EventCountry "AUS"]

1. d4 Nf6 2. c4 e6 3. Nc3 Bb4 4. e3 O-O 5. Bd3 d5 6. Qc2 c5 7. Nf3 cxd4 8. exd4
dxc4 9. Bxc4 Nc6 10. Be3 b6 11. O-O Bb7 12. Ne2 Rc8 13. Nc3 Nxd4 14. Nxd4 Rxc4
15. Rad1 Qe7 16. Nde2 h6 17. a3 Bc5 18. Qd3 Rg4 19. Ng3 Nd5 20. b4 Bxe3 21.
fxe3 Rc8 22. Nce2 Rgc4 23. Rc1 Rxc1 24. Rxc1 Rxc1+ 25. Nxc1 Qg5 26. Kf2 Qf6+
27. Kg1 Qc3 28. Qxc3 Nxc3 29. Nd3 Kf8 30. Nf2 Ke7 31. Nf1 Kd6 32. Nd2 e5 33.
Nd3 Bd5 34. Nb2 f5 35. g3 g5 36. Kf2 Ne4+ 37. Nxe4+ Bxe4 38. Nd1 Kd5 39. g4 Kc4
40. gxf5 Bxf5 41. Kf3 Kb3 42. e4 Be6 43. Ne3 Kxa3 44. Nd5 Kb3 45. Ke3 a5 46.
Nxb6 axb4 47. Kd3 h5 48. Nd5 h4 49. Ne3 Kb2 50. Nd1+ Kc1 51. Ke2 0-1

[Event "City of Adelaide"]
[Site "Adelaide"]
[Date "2003.07.22"]
[Round "1.3"]
[White "Hoile, Robert"]
[Black "Eckermann, Andrew"]
[Result "1-0"]
[WhiteElo "1798"]
[BlackElo "1323"]
[PlyCount "57"]
[EventDate "2003.07.22"]
[EventType "swiss"]
[EventRounds "7"]
[EventCountry "AUS"]

1. d4 Nf6 2. c4 e6 3. Nc3 Bb4 4. Qc2 O-O 5. a3 Be7 6. Bg5 c5 7. e3 Nc6 8. Nf3
cxd4 9. exd4 d5 10. Rd1 h6 11. Bh4 Qa5 12. Bd3 dxc4 13. Bxc4 Nd5 14. Bxe7 Ncxe7
15. O-O Nxc3 16. bxc3 Qxa3 17. Ba2 Nc6 18. Bb1 f5 19. Rfe1 Ne7 20. Re2 Qa6 21.
Ne5 Nc6 22. Nd3 Bd7 23. Nc5 Nxd4 24. Rxd4 Qc6 25. Nxd7 Rfd8 26. Rxe6 Kh8 27.
Rxc6 bxc6 28. Qxf5 Re8 29. g3 1-0

[Event "City of Adelaide"]
[Site "Adelaide"]
[Date "2003.07.22"]
[Round "1.4"]
[White "Maksimovic, Mirjan"]
[Black "Djelaj, Pasko"]
[Result "0-1"]
[WhiteElo "1274"]
[BlackElo "1768"]
[PlyCount "110"]
[EventDate "2003.07.22"]
[EventType "swiss"]
[EventRounds "7"]
[EventCountry "AUS"]

1. e4 e5 2. Nf3 Nc6 3. Bb5 a6 4. Ba4 Nf6 5. O-O b5 6. Bb3 Be7 7. Re1 O-O 8. d3
d6 9. h3 Be6 10. Nbd2 h6 11. a4 Re8 12. axb5 axb5 13. Rxa8 Qxa8 14. c4 Na5 15.
cxb5 Nxb3 16. Nxb3 Qa4 17. Nbd2 Qxb5 18. Nb1 c5 19. Nc3 Qa6 20. Be3 Rb8 21. Qe2
Qb6 22. Rb1 Qb3 23. Nd2 Qb4 24. f4 exf4 25. Bxf4 Qd4+ 26. Be3 Qb4 27. Nf1 Nd7
28. Bd2 Qb7 29. Ne3 Bf6 30. Ned5 Be5 31. Bf4 Bd4+ 32. Kh1 Ne5 33. Be3 Qa6 34.
Nc7 Qxd3 35. Bxd4 cxd4 36. Qxd3 Nxd3 37. N3b5 Bc4 38. Nxd6 Ba2 39. Ra1 Rxb2 40.
Ncb5 Nf2+ 41. Kg1 d3 42. Nc3 Be6 43. Rf1 Rb6 44. Nxf7 Nxh3+ 45. gxh3 Bxf7 46.
Kf2 Rc6 47. Nb1 Bc4 48. Ke3 Rg6 49. Nd2 Ba6 50. Rf3 Rg2 51. e5 Re2+ 52. Kd4
Rxd2 53. e6 Re2 54. Re3 Rxe3 55. Kxe3 Kf8 0-1

[Event "City of Adelaide"]
[Site "Adelaide"]
[Date "2003.07.22"]
[Round "1.5"]
[White "Amini, Amir"]
[Black "Schoech, Franz"]
[Result "1-0"]
[WhiteElo "1701"]
[BlackElo "1173"]
[PlyCount "39"]
[EventDate "2003.07.22"]
[EventType "swiss"]
[EventRounds "7"]
[EventCountry "AUS"]

1. d4 f5 2. e4 fxe4 3. Nc3 d5 4. Qh5+ g6 5. Qxd5 Qxd5 6. Nxd5 c6 7. Nc7+ Kd8 8.
Nxa8 b5 9. Bf4 Na6 10. c4 Bb7 11. a4 Bxa8 12. axb5 Nc7 13. Rxa7 Nxb5 14. Rxa8+
Kd7 15. cxb5 cxb5 16. Rxf8 h5 17. Be5 Rh7 18. Rxg8 Rf7 19. Rxg6 e6 20. Rg7 1-0

[Event "City of Adelaide"]
[Site "Adelaide"]
[Date "2003.07.22"]
[Round "1.6"]
[White "Atrens, Edvard"]
[Black "Anderson-Smith, William"]
[Result "1/2-1/2"]
[WhiteElo "1054"]
[BlackElo "1672"]
[PlyCount "42"]
[EventDate "2003.07.22"]
[EventType "swiss"]
[EventRounds "7"]
[EventCountry "AUS"]

1. e4 e6 2. d4 d5 3. Nc3 Nf6 4. Bg5 Be7 5. e5 Nfd7 6. Bxe7 Qxe7 7. f4 O-O 8.
Nf3 c5 9. Be2 Nc6 10. O-O a6 11. Qd2 b5 12. dxc5 Nxc5 13. b4 Nxb4 14. a3 Nc6
15. Ng5 f6 16. exf6 Qxf6 17. Nxd5 Qd4+ 18. Qxd4 Nxd4 19. Ne7+ Kh8 20. Bg4 h6
21. Ng6+ Kg8 1/2-1/2

[Event "City of Adelaide"]
[Site "Adelaide"]
[Date "2003.07.29"]
[Round "2.1"]
[White "Peake, Michael"]
[Black "Zaric, Srboljub"]
[Result "0-1"]
[WhiteElo "1514"]
[BlackElo "2169"]
[PlyCount "64"]
[EventDate "2003.07.22"]
[EventType "swiss"]
[EventRounds "7"]
[EventCountry "AUS"]

1. e4 c5 2. Nf3 e6 3. d4 cxd4 4. Nxd4 a6 5. Nc3 Qc7 6. a3 Nf6 7. Be3 b5 8. Bd3
Bb7 9. f3 d6 10. Qd2 Nbd7 11. O-O Be7 12. Rad1 O-O 13. Bxb5 axb5 14. Ndxb5 Qb8
15. Nxd6 Ba6 16. Rfe1 Qxb2 17. Rb1 Qxa3 18. Ndb5 Bxb5 19. Nxb5 Qa5 20. Qd3 Rfd8
21. Qc4 Rdc8 22. Qe2 Qa2 23. Rbc1 Qc4 24. Nd4 Qxe2 25. Rxe2 Rc4 26. c3 Rac8 27.
Nb5 h6 28. Rec2 Rb8 29. Nd4 Bc5 30. Kf2 Rc8 31. Ne2 Ne5 32. Rd1 Nfg4+ 0-1

[Event "City of Adelaide"]
[Site "Adelaide"]
[Date "2003.07.29"]
[Round "2.2"]
[White "Cowley, Robert G"]
[Black "Amini, Amir"]
[Result "1-0"]
[WhiteElo "2076"]
[BlackElo "1701"]
[PlyCount "79"]
[EventDate "2003.07.22"]
[EventType "swiss"]
[EventRounds "7"]
[EventCountry "AUS"]

1. e4 c6 2. d4 d5 3. Nc3 dxe4 4. Nxe4 Nd7 5. Bc4 Ngf6 6. Ng5 e6 7. Ne2 Nb6 8.
Bd3 h6 9. Nf3 Nbd5 10. O-O Bd6 11. c4 Nb4 12. Bb1 b6 13. a3 Na6 14. b4 Bb7 15.
c5 Bb8 16. Nc3 Nc7 17. Re1 a5 18. Bb2 Ncd5 19. Nxd5 Nxd5 20. Qb3 axb4 21. axb4
Rxa1 22. Bxa1 Ba6 23. Bb2 Bb5 24. Ne5 Qg5 25. Bc1 Qh4 26. Re4 Qe7 27. Bd2 Qa7
28. Qg3 g6 29. Qf3 Bxe5 30. Rxe5 Qa1 31. Qe4 Kd7 32. h4 Nf6 33. Qe1 Qxd4 34.
Bc3 Qxh4 35. cxb6 Rb8 36. g3 Qh3 37. Rxb5 cxb5 38. Bxf6 Rxb6 39. Be4 Qh5 40.
Qa1 1-0

[Event "City of Adelaide"]
[Site "Adelaide"]
[Date "2003.07.29"]
[Round "2.3"]
[White "Djelaj, Pasko"]
[Black "Short, Andrew"]
[Result "1-0"]
[WhiteElo "1768"]
[BlackElo "1526"]
[PlyCount "93"]
[EventDate "2003.07.22"]
[EventType "swiss"]
[EventRounds "7"]
[EventCountry "AUS"]

1. d4 g6 2. c4 Nf6 3. Nc3 Bg7 4. e4 d6 5. Nf3 O-O 6. Be2 e5 7. d5 a5 8. O-O Na6
9. Be3 Ng4 10. Bd2 f5 11. h3 Nf6 12. exf5 gxf5 13. Re1 Nc5 14. Bg5 h6 15. Bh4
Qe8 16. Bg3 Nfe4 17. Bh2 Nxc3 18. bxc3 Bf6 19. Bf1 Qg6 20. Kh1 Ne4 21. Qc2 Bd7
22. a4 h5 23. g3 Kf7 24. Bg2 Nc5 25. Rg1 e4 26. Nd4 Qg7 27. Qd1 Rh8 28. h4 Nd3
29. Ra2 Bxd4 30. cxd4 Qxd4 31. Rf1 Rac8 32. f3 e3 33. Bg1 Qxc4 34. Qa1 Nb4 35.
Rb2 Rhe8 36. Rc1 Qxd5 37. f4 Qe6 38. Bxb7 e2 39. Re1 Bc6+ 40. Bxc6 Nxc6 41.
Rbxe2 Qd5+ 42. Kh2 Rxe2+ 43. Rxe2 Nd8 44. Qh8 Kg6 45. Bd4 Qf7 46. Re8 Ne6 47.
Rxe6+ 1-0

[Event "City of Adelaide"]
[Site "Adelaide"]
[Date "2003.07.29"]
[Round "2.4"]
[White "Anderson-Smith, William"]
[Black "Haydn, Gavin"]
[Result "0-1"]
[WhiteElo "1672"]
[BlackElo "1441"]
[PlyCount "74"]
[EventDate "2003.07.22"]
[EventType "swiss"]
[EventRounds "7"]
[EventCountry "AUS"]

1. d4 Nf6 2. c4 e6 3. Nf3 b6 4. g3 Ba6 5. Qc2 Bb7 6. Nc3 Bb4 7. Bg2 Be4 8. Qb3
Nc6 9. O-O Bxc3 10. Qxc3 O-O 11. b3 h6 12. Bb2 Ne7 13. Rac1 c6 14. Nd2 Bxg2 15.
Kxg2 d5 16. f3 Rc8 17. e4 Nd7 18. f4 f5 19. exd5 exd5 20. Rfe1 Nf6 21. Rc2 Ne4
22. Nxe4 fxe4 23. b4 Qe8 24. a4 Qg6 25. Rf2 Nf5 26. Bc1 h5 27. Kh1 Qg4 28. c5
Rf6 29. Qb3 Re8 30. Qd1 Qh3 31. Rg1 Rg6 32. Rfg2 Rg4 33. cxb6 axb6 34. b5 cxb5
35. axb5 e3 36. Qb3 Kh8 37. Qxd5 e2 0-1

[Event "City of Adelaide"]
[Site "Adelaide"]
[Date "2003.07.24"]
[Round "2.5"]
[White "Utturkar, Ashwin"]
[Black "Atrens, Edvard"]
[Result "0-1"]
[WhiteElo "1458"]
[BlackElo "1054"]
[PlyCount "73"]
[EventDate "2003.07.22"]
[EventType "swiss"]
[EventRounds "7"]
[EventCountry "AUS"]

1. d4 Nf6 2. Nf3 g6 3. Bg5 Bg7 4. e3 d6 5. Bd3 O-O 6. Nbd2 Nbd7 7. c3 h6 8. Bh4
c5 9. O-O g5 10. Bg3 Nh5 11. e4 Nxg3 12. fxg3 Qc7 13. Rc1 e5 14. dxe5 Nxe5 15.
Nxe5 dxe5 16. Bb1 Be6 17. Qh5 Rad8 18. Rcd1 Qb6 19. h4 g4 20. b3 c4+ 21. Kh2
cxb3 22. axb3 Qe3 23. Nc4 Qxc3 24. Rd6 b5 25. Rxe6 fxe6 26. Rxf8+ Kxf8 27. Na3
Qxb3 28. Qxg4 Qxa3 29. Qxe6 Qe7 30. Qb3 a6 31. Ba2 Qf6 32. Qb4+ Qe7 33. Qb3 Qf6
34. Qb4+ Rd6 35. Qc5 Qd8 36. Qf2+ Bf6 37. Qf5 {score sheets indecipherable.}
0-1

[Event "City of Adelaide"]
[Site "Adelaide"]
[Date "2003.07.29"]
[Round "2.8"]
[White "Schoech, Franz"]
[Black "Corti, Mario"]
[Result "0-1"]
[WhiteElo "1173"]
[BlackElo "1411"]
[PlyCount "82"]
[EventDate "2003.07.22"]
[EventType "swiss"]
[EventRounds "7"]
[EventCountry "AUS"]

1. e4 e5 2. Nf3 Nc6 3. Nc3 Nf6 4. Bc4 Be7 5. d4 exd4 6. Nxd4 d6 7. h3 a6 8. Bf4
O-O 9. Nxc6 bxc6 10. O-O Ne8 11. Qd3 a5 12. Rad1 g6 13. Qf3 Bg5 14. Ne2 Bxf4
15. Qxf4 Ng7 16. a4 Ne6 17. Qe3 Qe7 18. Rd3 Nc5 19. Ra3 Qxe4 20. Bd3 Qxe3 21.
fxe3 Rb8 22. Nd4 Bd7 23. Ra2 Nxd3 24. cxd3 c5 25. Nf3 Be6 26. b3 Rxb3 27. Rd2
Rfb8 28. Ng5 Rb2 29. Rdf2 Rxf2 30. Rxf2 Rb3 31. Rf4 Rb4 32. d4 cxd4 33. exd4
Rxa4 34. Rh4 h5 35. Re4 Bd5 36. Re7 Ra2 37. g4 hxg4 38. Rxc7 g3 39. Rc1 a4 40.
h4 Rh2 41. Rc3 Rh1# 0-1

[Event "City of Adelaide"]
[Site "Adelaide"]
[Date "2003.08.04"]
[Round "3.1"]
[White "Zaric, Srboljub"]
[Black "Cowley, Robert G"]
[Result "0-1"]
[WhiteElo "2169"]
[BlackElo "2076"]
[PlyCount "144"]
[EventDate "2003.07.22"]
[EventType "swiss"]
[EventRounds "7"]
[EventCountry "AUS"]

1. e4 Nf6 2. e5 Nd5 3. Nc3 Nxc3 4. dxc3 d5 5. Bg5 Nc6 6. Bb5 g6 7. Qd4 Bg7 8.
O-O-O h6 9. Bh4 g5 10. Bg3 e6 11. Nf3 h5 12. h4 g4 13. Ng5 Bd7 14. Bxc6 Bxc6
15. f3 gxf3 16. gxf3 Qe7 17. Qf4 Bh6 18. Qe3 O-O-O 19. Rhe1 b6 20. f4 Rde8 21.
Qe2 Kb8 22. Qxh5 f6 23. exf6 Qxf6 24. Qe2 e5 25. Qh2 e4 26. Qd2 Bg7 27. Bf2 Qf5
28. Rh1 e3 29. Bxe3 d4 30. Bxd4 Bxd4 31. cxd4 Bxh1 32. Rxh1 Qg4 33. Nf7 Re2 34.
Ne5 Qg2 35. Qd1 Rxc2+ 36. Qxc2 Qxh1+ 37. Qd1 Rxh4 38. Qxh1 Rxh1+ 39. Kc2 Rf1
40. Nd3 Kc8 41. Kd2 Kd7 42. Ke3 Kd6 43. Ke4 c5 44. dxc5+ bxc5 45. b3 Ra1 46.
Ne5 Rxa2 47. Nc4+ Kc6 48. f5 Rf2 49. Ke5 Rc2 50. f6 Rc1 51. Ke4 Re1+ 52. Kf5
Kd5 53. Nd2 Re2 54. Nf3 Rf2 55. Kf4 Ke6 56. Ke3 Rb2 57. Nd2 Kxf6 58. Ne4+ Ke5
59. Nd2 Kd5 60. Kd3 Ra2 61. Nc4 Rh2 62. Ne3+ Kc6 63. Nc2 Rh3+ 64. Kc4 Rh4+ 65.
Kc3 a5 66. Na3 a4 67. bxa4 Rxa4 68. Nc4 Ra1 69. Kb2 Rh1 70. Kc3 Rh3+ 71. Kc2
Kb5 72. Nb2 c4 0-1

[Event "City of Adelaide"]
[Site "Adelaide"]
[Date "2003.08.05"]
[Round "3.2"]
[White "Atrens, Edvard"]
[Black "Djelaj, Pasko"]
[Result "1/2-1/2"]
[WhiteElo "1054"]
[BlackElo "1768"]
[PlyCount "119"]
[EventDate "2003.07.22"]
[EventType "swiss"]
[EventRounds "7"]
[EventCountry "AUS"]

1. e4 e5 2. Nf3 Nc6 3. Bb5 a6 4. Ba4 Nf6 5. O-O d6 6. d4 b5 7. Bb3 exd4 8. h3
Be7 9. Re1 O-O 10. a4 Be6 11. Bxe6 fxe6 12. Nxd4 Nxd4 13. Qxd4 c5 14. Qd1 e5
15. Bg5 b4 16. b3 Kh8 17. Nd2 h6 18. Bh4 g5 19. Bg3 Qe8 20. Nc4 Rd8 21. Nb6 Qc6
22. Nd5 Nxd5 23. exd5 Qe8 24. Qg4 Qf7 25. Rad1 h5 26. Qe2 a5 27. f3 Kg7 28. Bf2
Bf6 29. Qe4 Rg8 30. Be3 Qg6 31. Qxg6+ Kxg6 32. Bf2 Rdf8 33. Re4 Be7 34. Rf1 Rf7
35. Be1 Rf4 36. Bd2 Rf7 37. Rfe1 Bf6 38. Bc1 Re7 39. Bd2 Rc8 40. Rc4 Rce8 41.
Kf2 Bg7 42. Ree4 Rf7 43. Be3 Ref8 44. Bd2 Bh6 45. Be3 Bg7 46. Bd2 Bf6 47. Ke2
Be7 48. Be3 Rg8 49. Bd2 Rfg7 50. Kf1 Kf5 51. Kf2 g4 52. fxg4+ hxg4 53. Rxg4
Rxg4 54. Rxg4 Rxg4 55. hxg4+ Kxg4 56. g3 Bf6 57. Be1 Kf5 58. c3 e4 59. Ke2 Be5
60. Ke3 1/2-1/2

[Event "City of Adelaide"]
[Site "Adelaide"]
[Date "2003.08.03"]
[Round "3.3"]
[White "Amini, Amir"]
[Black "Hoile, Robert"]
[Result "0-1"]
[WhiteElo "1701"]
[BlackElo "1798"]
[PlyCount "152"]
[EventDate "2003.07.22"]
[EventType "swiss"]
[EventRounds "7"]
[EventCountry "AUS"]

1. d4 Nf6 2. c4 e6 3. Nf3 d5 4. Nc3 Be7 5. Bg5 O-O 6. e3 h6 7. Bh4 b6 8. cxd5
Nxd5 9. Bxe7 Qxe7 10. Nxd5 exd5 11. Qa4 c5 12. Qa3 Be6 13. dxc5 bxc5 14. Rc1
Nd7 15. Bb5 Rfc8 16. O-O a6 17. Be2 Qf6 18. Rfd1 Qg6 19. Ne1 c4 20. Bf3 Nf6 21.
Nc2 Rd8 22. Nd4 Bg4 23. Nc6 Qg5 24. Bxg4 Nxg4 25. Qe7 Qxe7 26. Nxe7+ Kf8 27.
Nxd5 Rab8 28. Nc3 Rdc8 29. Rd4 Ne5 30. Nd1 Nd3 31. Rc2 a5 32. a3 Rb3 33. g3
Rcb8 34. Rdxc4 Nxb2 35. Rxb2 Rxb2 36. Nxb2 Rxb2 37. Rc5 Ra2 38. Rxa5 g6 39. h4
h5 40. a4 Kg7 41. Ra6 Kf8 42. a5 Ra4 43. Ra7 Kg7 44. a6 Kf6 45. Kg2 Kg7 46. Ra8
Kf6 47. a7 Ra3 48. Kf3 Kf5 49. Ke2 Kg4 50. e4 Ra2+ 51. Ke3 Ra3+ 52. Kd4 Kf3 53.
Rb8 Rxa7 54. Rb3+ Kxf2 55. e5 Ra4+ 56. Kd5 Ra7 57. Kd6 Kg2 58. Rc3 Kh3 59. Kc6
Kg4 60. Rd3 Re7 61. Re3 Kf5 62. Kd6 Re6+ 63. Kd5 Re7 64. Rf3+ Kg4 65. Re3 Kf5
66. Kd4 Kg4 67. Ke4 f6 68. Kd4 Rxe5 69. Rb3 Rf5 70. Ke4 Re5+ 71. Kd4 Re1 72.
Kd5 Rg1 73. Ke6 f5 74. Kf6 Rxg3 75. Rxg3+ Kxg3 76. Kxg6 Kg4 0-1

[Event "City of Adelaide"]
[Site "Adelaide"]
[Date "2003.08.05"]
[Round "3.4"]
[White "Short, Andrew"]
[Black "Eckermann, Andrew"]
[Result "1-0"]
[WhiteElo "1526"]
[BlackElo "1323"]
[PlyCount "53"]
[EventDate "2003.07.22"]
[EventType "swiss"]
[EventRounds "7"]
[EventCountry "AUS"]

1. e4 c5 2. Nf3 Nc6 3. d4 cxd4 4. Nxd4 g6 5. Nc3 Bg7 6. Be3 Nf6 7. Qd2 Ng4 8.
Nxc6 bxc6 9. Bd4 O-O 10. Bxg7 Kxg7 11. Qd4+ e5 12. Qd2 Qb6 13. Na4 Qc7 14. f3
Nf6 15. g4 a5 16. c4 d6 17. h4 c5 18. O-O-O Bd7 19. Nc3 Ra6 20. h5 Rb8 21. hxg6
fxg6 22. Qh6+ Kg8 23. Nd5 Nxd5 24. Qxh7+ Kf8 25. Qh8+ Ke7 26. Rh7+ Ke6 27.
exd5# 1-0

[Event "City of Adelaide"]
[Site "Adelaide"]
[Date "2003.08.05"]
[Round "3.5"]
[White "Maksimovic, Mirjan"]
[Black "Peake, Michael"]
[Result "1-0"]
[WhiteElo "1274"]
[BlackElo "1514"]
[PlyCount "51"]
[EventDate "2003.07.22"]
[EventType "swiss"]
[EventRounds "7"]
[EventCountry "AUS"]

1. e4 e5 2. Nf3 Nc6 3. Bb5 d6 4. c3 Bd7 5. d4 exd4 6. cxd4 a6 7. Ba4 Nf6 8. Bg5
Be7 9. Nc3 O-O 10. Qd2 Ne8 11. O-O-O Bg4 12. h4 Nf6 13. Rde1 b5 14. Bc2 b4 15.
Ne2 d5 16. Bxf6 Bxf6 17. e5 Be7 18. Ng3 h5 19. Nh2 g6 20. Nxg4 Bxh4 21. Rxh4
Qxh4 22. Nf6+ Kg7 23. Rh1 Qxd4 24. Ngxh5+ gxh5 25. Qg5+ Kh8 26. Rxh5# 1-0

[Event "City of Adelaide"]
[Site "Adelaide"]
[Date "2003.08.05"]
[Round "3.6"]
[White "Corti, Mario"]
[Black "Haydn, Gavin"]
[Result "0-1"]
[WhiteElo "1411"]
[BlackElo "1441"]
[PlyCount "76"]
[EventDate "2003.07.22"]
[EventType "swiss"]
[EventRounds "7"]
[EventCountry "AUS"]

1. e4 d6 2. d4 Nf6 3. Nc3 g6 4. Be3 Bg7 5. f3 Nbd7 6. Qd2 O-O 7. Bh6 c5 8. dxc5
Nxc5 9. Bxg7 Kxg7 10. Nge2 Qb6 11. Nd4 a6 12. Nb3 Rd8 13. O-O-O Nxb3+ 14. axb3
Be6 15. g4 Rac8 16. Kb1 Rc7 17. g5 Nd7 18. Qd4+ Qxd4 19. Rxd4 b5 20. f4 Bg4 21.
Bg2 Nc5 22. e5 Bf5 23. Ne4 d5 24. Nxc5 Rxc5 25. Rc1 e6 26. Rd2 a5 27. Ka2 Rdc8
28. c3 b4 29. c4 dxc4 30. bxc4 Rxc4 31. Rxc4 Rxc4 32. Rf2 a4 33. Bf1 Rc1 34. b3
a3 35. Bg2 Rg1 36. Bf1 h6 37. gxh6+ Kxh6 38. Rf3 Be4 {and Black won.} 0-1

[Event "City of Adelaide"]
[Site "Adelaide"]
[Date "2003.08.04"]
[Round "3.7"]
[White "Utturkar, Ashwin"]
[Black "Anderson-Smith, William"]
[Result "1/2-1/2"]
[WhiteElo "1458"]
[BlackElo "1672"]
[PlyCount "208"]
[EventDate "2003.07.22"]
[EventType "swiss"]
[EventRounds "7"]
[EventCountry "AUS"]

1. d4 d5 2. Nf3 Nf6 3. Bg5 e6 4. e3 Nbd7 5. Bd3 c5 6. c3 Be7 7. Nbd2 b6 8. O-O
O-O 9. Ne5 Bb7 10. f4 Ne4 11. Bxe7 Qxe7 12. Nxd7 Qxd7 13. Bxe4 dxe4 14. Nc4
cxd4 15. cxd4 Qd5 16. Ne5 Rac8 17. Qb3 Rc7 18. Qa3 a5 19. b3 Ba6 20. Rfc1 Rfc8
21. Rxc7 Rxc7 22. Rc1 Qb5 23. h3 Rxc1+ 24. Qxc1 f6 25. Nc4 Qc6 26. a4 b5 27.
axb5 Bxb5 28. Qa3 a4 29. Nd6 axb3 30. Qxb3 Qxd6 31. Qxb5 Kf7 32. Qb7+ Qe7 33.
Qxe4 g6 34. Qc6 Qa7 35. Kh2 h5 36. Qe4 Qc7 37. Kg3 Qb6 38. Kf3 Qa6 39. Qb1 Qc6+
40. Qe4 Qa6 41. Kg3 Qb6 42. d5 exd5 43. Qxd5+ Kg7 44. Qe4 Qc7 45. Kf2 Qd7 46.
Qd4 Qc7 47. Qd3 Qb7 48. Kg1 Qc7 49. Qd4 Qc1+ 50. Kh2 Qc7 51. Qe4 Qd7 52. Qf3
Qc7 53. Qg3 f5 54. Qf2 Qb7 55. Qd2 Kh7 56. Qd4 Qe7 57. Qe5 Qb7 58. Qd4 Qe7 59.
Qe5 Qb7 60. Qe8 Qc7 61. Kg3 Qa7 62. Kh4 Qb7 63. Kg3 Qa7 64. Qe5 Qb7 65. Qd4 Qe7
66. Qd3 Qb7 67. Qe2 Qe7 68. Kh2 Qd7 69. e4 fxe4 70. Qxe4 Qf7 71. g4 hxg4 72.
hxg4 Qa2+ 73. Kg3 Qb3+ 74. Kh4 Qf7 75. Kg5 Qg7 76. Kh4 Qh6+ 77. Kg3 Qg7 78. Qe5
Qf7 79. Qe4 Qb3+ 80. Qf3 Qb4 81. Qh1+ Kg7 82. g5 Qc3+ 83. Kh4 Qb2 84. Qh3 Qf2+
85. Kg4 Qe2+ 86. Qf3 Qb2 87. Qe4 Qb6 88. Qe5+ Kg8 89. Qe8+ Kg7 90. Qe5+ Kg8 91.
Qe8+ Kg7 92. Qd7+ Kg8 93. Qe8+ {Draw claimed by black.} Kg7 94. Qe5+ Kg8 95.
Kg3 Qg1+ 96. Kf3 Qf1+ 97. Ke3 Qe1+ 98. Kd4 Qd2+ 99. Kc4 Qc2+ 100. Qc3 Qe4+ 101.
Qd4 Qc2+ 102. Kd5 Qf5+ 103. Kd6 Qf8+ 104. Kd7 Qf5+ {
and eventually drawn by stalemate.} 1/2-1/2

[Event "City of Adelaide"]
[Site "Adelaide"]
[Date "2003.08.12"]
[Round "4.1"]
[White "Cowley, Robert G"]
[Black "Hoile, Robert"]
[Result "1-0"]
[WhiteElo "2076"]
[BlackElo "1798"]
[PlyCount "123"]
[EventDate "2003.07.22"]
[EventType "swiss"]
[EventRounds "7"]
[EventCountry "AUS"]

1. d4 Nf6 2. c4 e6 3. Nc3 Bb4 4. e3 b6 5. Nge2 Ne4 6. Bd2 Nxd2 7. Qxd2 Bb7 8.
a3 Be7 9. e4 d6 10. g3 Nd7 11. Bg2 e5 12. Nd5 c5 13. Nxe7 Qxe7 14. d5 Ba6 15.
b3 O-O 16. O-O Nf6 17. Nc3 Ne8 18. f4 f6 19. Bh3 Nc7 20. a4 Bb7 21. Rfe1 a6 22.
Reb1 a5 23. Rf1 Rae8 24. Rad1 Kh8 25. Rfe1 Rd8 26. Qg2 Kg8 27. Bg4 Bc8 28. Qh3
Bxg4 29. Qxg4 Qd7 30. Qh4 Rde8 31. f5 Qf7 32. g4 h6 33. Qg3 Qe7 34. Kg2 Kf7 35.
Ne2 Rh8 36. Ng1 Reg8 37. Nf3 Ke8 38. Nh4 Rh7 39. Ng6 Qf7 40. h4 Kd8 41. Qe3 Ne8
42. Ra1 Kc7 43. Rh1 Kb7 44. Rh3 Nc7 45. Rg3 Ka7 46. Kf2 Kb7 47. Ke2 Na6 48. Kd2
Nb4 49. Rag1 Na6 50. R1g2 Nb4 51. g5 hxg5 52. hxg5 Rh1 53. Rg1 Rxg1 54. Rxg1
Qe8 55. Rh1 Qd8 56. Rh5 Kc7 57. Qg3 Kb8 58. Qh4 Ka8 59. gxf6 gxf6 60. Rh7 Na6
61. Re7 Nb8 62. Qh7 1-0

[Event "City of Adelaide"]
[Site "Adelaide"]
[Date "2003.08.12"]
[Round "4.2"]
[White "Djelaj, Pasko"]
[Black "Zaric, Srboljub"]
[Result "0-1"]
[WhiteElo "1768"]
[BlackElo "2169"]
[PlyCount "44"]
[EventDate "2003.07.22"]
[EventType "swiss"]
[EventRounds "7"]
[EventCountry "AUS"]

1. d4 Nf6 2. c4 e5 3. dxe5 Ne4 4. Nf3 Nc6 5. a3 d6 6. exd6 Bxd6 7. e3 Qf6 8.
Nbd2 Bf5 9. Be2 O-O-O 10. Qa4 Nc5 11. Qd1 Nd3+ 12. Bxd3 Bxd3 13. Qb3 Bc5 14.
Qc3 Qg6 15. g3 Rhe8 16. b4 Bxe3 17. fxe3 Rxe3+ 18. Kf2 Re2+ 19. Kg1 Qh6 20. Nf1
Qh3 21. Ne3 Be4 22. Ng5 Rd1+ 0-1

[Event "City of Adelaide"]
[Site "Adelaide"]
[Date "2003.08.12"]
[Round "4.3"]
[White "Maksimovic, Mirjan"]
[Black "Short, Andrew"]
[Result "1/2-1/2"]
[WhiteElo "1274"]
[BlackElo "1526"]
[PlyCount "92"]
[EventDate "2003.07.22"]
[EventType "swiss"]
[EventRounds "7"]
[EventCountry "AUS"]

1. e4 d6 2. d4 Nf6 3. Nc3 g6 4. Nf3 Bg7 5. Bc4 O-O 6. Be3 Bg4 7. Qd2 Nxe4 8.
Nxe4 d5 9. Ne5 Bxe5 10. dxe5 dxc4 11. Qc3 Qd5 12. f3 Be6 13. Rd1 Qc6 14. Bh6
Re8 15. h4 Bd5 16. Nf2 Nd7 17. h5 Qe6 18. Ng4 c6 19. hxg6 fxg6 20. Kd2 b5 21.
Kc1 a5 22. Qe3 b4 23. Bg7 h5 24. Qh6 Kf7 25. Qh7 Rg8 26. Nh6+ Ke8 27. Nxg8 Qxg8
28. Qxg6+ Bf7 29. Qxc6 Rd8 30. Rxd7 Rxd7 31. Rd1 Be6 32. Qc8+ Kf7 33. Qxg8+
Kxg8 34. Rxd7 Bxd7 35. Bh6 a4 36. b3 axb3 37. axb3 Be6 38. Kb2 Kf7 39. Be3 cxb3
40. cxb3 Bd5 41. Bc5 Ke6 42. Bxb4 h4 43. Bc3 Bxf3 44. Be1 Bxg2 45. Bxh4 Kxe5
46. Bxe7 Ke6 1/2-1/2

[Event "City of Adelaide"]
[Site "Adelaide"]
[Date "2003.08.12"]
[Round "4.4"]
[White "Haydn, Gavin"]
[Black "Atrens, Edvard"]
[Result "1-0"]
[WhiteElo "1441"]
[BlackElo "1054"]
[PlyCount "63"]
[EventDate "2003.07.22"]
[EventType "swiss"]
[EventRounds "7"]
[EventCountry "AUS"]

1. d4 Nf6 2. Bg5 e6 3. e4 h6 4. Bxf6 Qxf6 5. Nf3 Be7 6. Nbd2 O-O 7. Bd3 d6 8.
g3 Nd7 9. Qe2 e5 10. d5 Nc5 11. h3 Bd7 12. O-O-O Nxd3+ 13. Qxd3 a5 14. g4 c5
15. Qe3 Qg6 16. Rdg1 f6 17. Nh4 Qf7 18. Nf5 Bxf5 19. gxf5 b5 20. Qxh6 Rfb8 21.
Rg4 Kf8 22. Qe3 Ke8 23. Rhg1 Bf8 24. Qg3 Rb7 25. f4 Raa7 26. fxe5 fxe5 27. Nf3
Kd8 28. Ng5 Qf6 29. Ne6+ Kc8 30. Rg6 Qf7 31. Qh4 Rd7 32. Qh8 1-0

[Event "City of Adelaide"]
[Site "Adelaide"]
[Date "2003.08.12"]
[Round "4.5"]
[White "Eckermann, Andrew"]
[Black "Amini, Amir"]
[Result "0-1"]
[WhiteElo "1323"]
[BlackElo "1701"]
[PlyCount "74"]
[EventDate "2003.07.22"]
[EventType "swiss"]
[EventRounds "7"]
[EventCountry "AUS"]

1. e4 d5 2. exd5 Qxd5 3. Nc3 Qa5 4. Bc4 Nf6 5. d3 c6 6. Bd2 Qc7 7. Nf3 Bg4 8.
O-O Nbd7 9. Re1 e6 10. Ne4 Be7 11. Bc3 O-O-O 12. a4 Nd5 13. Bxd5 cxd5 14. Ned2
Bd6 15. h3 Bh5 16. d4 Rhe8 17. Qb1 f6 18. a5 e5 19. a6 b6 20. Kh1 e4 21. Nh4
Bf8 22. g4 Bg6 23. Qa2 Nb8 24. Nb1 e3 25. Nxg6 exf2 26. Rf1 Qg3 27. Nf4 Re1 28.
Bxe1 fxe1=Q 29. Rxe1 Qxe1+ 30. Kg2 Qe4+ 31. Kg1 Qxd4+ 32. Kg2 Qe4+ 33. Kg1 Bc5+
34. Kf1 Qxf4+ 35. Ke2 Re8+ 36. Kd1 Qf1+ 37. Kd2 Qe2+ 0-1